| 000 | 00742nam a2200253 a 4500 | ||
|---|---|---|---|
| 005 | 20140310183611.0 | ||
| 008 | 120828s19uu xx 00 eng d | ||
| 020 | _a9780071314107 | ||
| 050 |
_aHF 5351 _b.N53 2010 |
||
| 100 | _aNickels, William G. | ||
| 245 |
_aUnderstanding business / _cWilliam G. Nickels, James M. McHugh, Susan M. McHugh. |
||
| 250 | _a9th ed. | ||
| 260 |
_aNew York, NY : _bMcGraw-Hill Irwin, _c2010. |
||
| 300 |
_a569 p. : _bill. col. ; _c26 cm. |
||
| 500 | _aIncludes index | ||
| 521 | _aBSBA | ||
| 650 | _aIndustrial management | ||
| 650 | _aBusiness | ||
| 650 |
_aBusiness _xVocational guidance |
||
| 700 | _aMcHugh, James M. | ||
| 700 | _aMcHugh, Susan M. | ||
| 942 |
_cBK _2lcc _kFOR |
||
| 999 |
_c25244 _d25244 |
||